[Event "Titled Tue 1st Jul Early"]
[Site "chess.com INT"]
[Date "2025.07.01"]
[Round "4"]
[White "Vlassov, Nikolai"]
[Black "Donoso Aguirre, Maximiliano"]
[Result "1-0"]
[WhiteTitle "IM"]
[BlackTitle "CM"]
[WhiteElo "2291"]
[BlackElo "2050"]
[WhiteFideId "4103360"]
[BlackFideId "3458920"]
[EventDate "2025.07.01"]

1. e4 e5 2. Bc4 Nf6 3. d3 Nc6 4. Nf3 d5 5. exd5 Nxd5 6. O-O Nb6 7. Bb5 Bd6 8.
Re1 Bg4 9. h3 Bxf3 10. Qxf3 O-O 11. Bxc6 bxc6 12. Qxc6 Qf6 13. Nc3 Rae8 14. Ne4
Qg6 15. Be3 f5 16. Nxd6 cxd6 17. Bxb6 axb6 18. Qxb6 Rb8 19. Qc6 Rxb2 20. Reb1
Rfb8 21. Rxb2 Rxb2 22. a4 e4 23. dxe4 fxe4 24. Re1 h6 25. a5 e3 26. Rxe3 Rxc2
27. Qd5+ Kh7 28. Rg3 Rc1+ 29. Kh2 Qb1 30. Qd3+ Qxd3 31. Rxd3 Ra1 32. Rd5 Kg8 33.
f4 Kf7 34. f5 Ra3 35. g4 Ke7 36. h4 Kf7 37. g5 hxg5 38. hxg5 Ke7 39. Kg2 Kf7 40.
Kf2 Ke7 41. Ke2 Kd7 42. Rb5 Kc6 43. Rb6+ Kd7 44. a6 Ra5 45. Rb7+ Kc6 46. Rxg7
Rxf5 47. a7 Ra5 48. g6 Kb6 49. Rf7 Ra2+ 50. Kf3 d5 51. g7 1-0

[Event "Titled Tue 1st Jul Early"]
[Site "chess.com INT"]
[Date "2025.07.01"]
[Round "4"]
[White "Shimanov, Aleksandr"]
[Black "Rogov, Matfey"]
[Result "0-1"]
[WhiteTitle "GM"]
[BlackTitle "FM"]
[WhiteElo "2578"]
[BlackElo "2348"]
[WhiteFideId "4198603"]
[BlackFideId "44191308"]
[EventDate "2025.07.01"]

1. c4 e5 2. g3 Nf6 3. Bg2 c6 4. Nf3 e4 5. Nd4 Qb6 6. Nb3 a5 7. d3 a4 8. N3d2 Bc5
9. O-O e3 10. fxe3 Bxe3+ 11. Kh1 Ng4 12. Ne4 O-O 13. Nbc3 f5 14. Nd6 Nf2+ 15.
Rxf2 Bxf2 16. e4 a3 17. Qc2 Bd4 18. Nxf5 d5 19. Ne7+ Kh8 20. Nxc8 Rxc8 21. exd5
cxd5 22. Bxd5 Nd7 23. Rb1 Rab8 24. bxa3 Qf6 25. Be3 Bxe3 26. Ne4 Qf3+ 27. Qg2
Qxg2+ 28. Kxg2 Bd4 29. Nd6 Ne5 30. Nxc8 Rxc8 31. Rxb7 Nxd3 32. a4 Ne1+ 33. Kh3
Bc3 34. Ra7 h5 35. a5 g5 36. a6 Bf6 37. g4 Bd4 38. Rf7 Nd3 39. gxh5 Nf4+ 40. Kg4
Nxd5 41. cxd5 Ra8 42. d6 Be5 43. d7 Bc7 44. Re7 Rxa6 45. Re8+ Kg7 46. Kxg5 Ra5+
47. Kg4 Ra4+ 48. Kf5 Ra5+ 49. Ke6 Re5# 0-1

[Event "Titled Tue 1st Jul Early"]
[Site "chess.com INT"]
[Date "2025.07.01"]
[Round "4"]
[White "Lyakh, Vasiliy"]
[Black "Foldes, Marton Gabor"]
[Result "1-0"]
[BlackTitle "FM"]
[WhiteElo "2123"]
[BlackElo "2295"]
[WhiteFideId "14189828"]
[BlackFideId "794708"]
[EventDate "2025.07.01"]

1. d4 Nf6 2. c4 c5 3. d5 b5 4. cxb5 a6 5. bxa6 e6 6. Nc3 Nxa6 7. e4 Nb4 8. Bg5
exd5 9. exd5 Qe7+ 10. Be2 c4 11. Nf3 Nd3+ 12. Kf1 Qc5 13. Bxd3 cxd3 14. Bxf6
gxf6 15. Qd2 Ba6 16. Ne4 Qc2 17. Nxf6+ Ke7 18. Re1+ Kd6 19. Ne4+ Kxd5 20. Qg5+
Kc6 21. Nd4+ Kb7 22. Nxc2 d2+ 23. Kg1 dxe1=Q+ 24. Nxe1 Re8 25. Qd5+ Ka7 26. Qd4+
Kb7 27. Qxh8 Rxe4 28. Nf3 Bc5 29. h4 Re2 30. Kh2 Bd6+ 31. Kh3 Bc4 32. Rc1 Be6+
33. g4 Rxf2 34. Qc8+ Ka7 35. Rc7+ Bxc7 36. Qxc7+ Ka6 37. Qd6+ Kb7 38. Qb4+ Ka6
39. Qa4+ Kb7 40. Qb5+ Ka8 41. Qa6+ Kb8 42. Qb6+ Kc8 43. Qxf2 h5 44. Ne5 hxg4+
45. Nxg4 f5 46. Ne5 f4+ 47. Kg2 d6 48. Nd3 Bd5+ 49. Kg1 f3 50. Nf4 Be4 51. h5 d5
52. h6 Kd7 53. Qe3 1-0

[Event "Titled Tue 1st Jul Early"]
[Site "chess.com INT"]
[Date "2025.07.01"]
[Round "4"]
[White "Niraj, Saripalli"]
[Black "Leinov, Roman"]
[Result "1-0"]
[WhiteTitle "CM"]
[BlackTitle "CM"]
[WhiteElo "2115"]
[BlackElo "2120"]
[WhiteFideId "5045657"]
[BlackFideId "13504649"]
[EventDate "2025.07.01"]

1. e4 c5 2. d4 cxd4 3. c3 g6 4. cxd4 d5 5. e5 Nh6 6. Nc3 Bg7 7. Nf3 Bg4 8. Qb3
Bxf3 9. gxf3 Nc6 10. Be3 Nf5 11. Nxd5 O-O 12. Rd1 e6 13. Nc3 Ncxd4 14. Qxb7 Nxe3
15. fxe3 Qh4+ 16. Kd2 Qf2+ 17. Be2 Rab8 18. Rdf1 Qxe3+ 19. Kxe3 Nf5+ 20. Kf4
Rxb7 21. b3 Bh6+ 22. Ke4 Rb4+ 23. Kd3 Rd8+ 24. Kc2 Nd4+ 25. Kb1 Bd2 26. Ne4 Nxe2
27. Rd1 Rxe4 28. fxe4 Nc3+ 29. Kc2 Nxd1 30. Rxd1 Rd4 31. Rxd2 Rxe4 32. Rd7 a5
33. Ra7 Rxe5 34. Kd3 g5 35. Kd4 Rd5+ 36. Ke4 Kg7 37. a3 Kg6 38. b4 axb4 39. axb4
Rb5 40. Ra4 h5 41. Kd4 Rd5+ 42. Kc4 Rd1 43. b5 Rc1+ 44. Kb4 Rb1+ 45. Ka5 Kf5 46.
b6 Rxb6 47. Kxb6 e5 48. Kc5 1-0

[Event "Titled Tue 1st Jul Early"]
[Site "chess.com INT"]
[Date "2025.07.01"]
[Round "4"]
[White "Munoz, Francisco Javier"]
[Black "Mardov, Dimitar"]
[Result "1-0"]
[WhiteTitle "FM"]
[BlackTitle "IM"]
[WhiteElo "2389"]
[BlackElo "2506"]
[WhiteFideId "128368"]
[BlackFideId "30919495"]
[EventDate "2025.07.01"]

1. e4 e5 2. Nc3 Nc6 3. Nf3 Bb4 4. Bb5 Bxc3 5. dxc3 d6 6. O-O Ne7 7. Ng5 h6 8.
Qh5 O-O 9. Nh3 Ng6 10. Bc4 Bxh3 11. Qxg6 Kh8 12. Bxf7 Ne7 13. Qh5 Bg4 14. Qxg4
Rxf7 15. f4 exf4 16. Rxf4 Qf8 17. Be3 Rxf4 18. Bxf4 Ng8 19. e5 dxe5 20. Bxe5 Re8
21. Rf1 Qe7 22. Rf5 Qd7 23. h3 c5 24. Qg6 Re7 25. Rh5 Qc6 26. Qxc6 bxc6 27. Bd6
Re2 28. Bxc5 Rxc2 29. Bxa7 Rxb2 30. a4 Ra2 31. a5 Nf6 32. Re5 Nd7 33. Re8+ Kh7
34. Bb6 Nf6 35. Re7 Nd5 36. Re6 Nf4 37. Rxc6 Rxg2+ 38. Kf1 Ra2 39. Rc7 Nxh3 40.
Bd4 h5 41. Rxg7+ Kh6 42. Ra7 h4 43. a6 Ng5 44. Ra8 Nf7 45. a7 h3 46. Kg1 h2+ 47.
Kh1 Ng5 48. Rh8+ Kg6 49. a8=Q Rxa8 50. Rxa8 Nf3 51. Rf8 Nd2 52. Kxh2 Ne4 53. Kg2
Ng5 54. Rg8+ Kf5 55. Rxg5+ Kxg5 56. Kf3 Kf5 57. Ke3 Ke6 58. Kd3 Kd6 59. c4 Kc6
60. c5 Kd7 61. Kc4 Kc6 62. Be3 Kd7 63. Kd5 Kc7 64. c6 Kc8 65. Bf4 Kd8 66. Kc5
Kc8 67. Kb6 Kd8 68. Kb7 1-0

[Event "Titled Tue 1st Jul Early"]
[Site "chess.com INT"]
[Date "2025.07.01"]
[Round "4"]
[White "Grischuk, Alexander"]
[Black "Risteski, Emil"]
[Result "0-1"]
[WhiteTitle "GM"]
[BlackTitle "IM"]
[WhiteElo "2667"]
[BlackElo "2374"]
[WhiteFideId "4126025"]
[BlackFideId "15005267"]
[EventDate "2025.07.01"]

1. e4 d6 2. d4 Nf6 3. Bd3 e5 4. c3 d5 5. dxe5 Nxe4 6. Nf3 Nc5 7. Bc2 Bg4 8. O-O
Nc6 9. Re1 d4 10. h3 Bh5 11. cxd4 Bxf3 12. Qxf3 Nxd4 13. Qd1 Nxc2 14. Qxc2 Qd3
15. Qd1 O-O-O 16. Qg4+ Qd7 17. Bg5 Qxg4 18. hxg4 Rd4 19. f3 h5 20. Be3 Rd7 21.
gxh5 Rxh5 22. f4 Nd3 23. Re2 Nxf4 24. Bxf4 Bc5+ 25. Be3 Rxe5 26. Bxc5 Rxe2 27.
Nc3 Rxb2 28. Ne4 b6 29. Bf8 f5 30. Nf2 Rdd2 31. Rf1 Rxa2 32. Bxg7 a5 33. g3 a4
34. Be5 c5 35. Kg2 a3 36. Kf3 b5 37. Nd1 b4 38. Ne3 Rd3 39. Rc1 b3 40. Rxc5+ Kd7
41. Rb5 b2 42. Kf4 b1=Q 43. Rxb1 Rf2+ 44. Kg5 Rxe3 45. Bf4 Rd3 46. Kxf5 Rb2 47.
Rc1 a2 48. Rc7+ Ke8 49. Ra7 Rd1 50. Be5 Re2 51. Bc3 Rd3 52. Bh8 Rxg3 53. Bf6
Rf3+ 54. Kg6 Re6 0-1

[Event "Titled Tue 1st Jul Early"]
[Site "chess.com INT"]
[Date "2025.07.01"]
[Round "4"]
[White "Mujumdar, Sameer"]
[Black "Ivashentseva, Dominika"]
[Result "1-0"]
[BlackTitle "WCM"]
[WhiteElo "2054"]
[BlackElo "1970"]
[WhiteFideId "2029707"]
[BlackFideId "34331050"]
[EventDate "2025.07.01"]

1. d4 d5 2. c4 e6 3. Nf3 Nf6 4. Nc3 Be7 5. Bf4 O-O 6. e3 dxc4 7. Bxc4 c5 8. O-O
Nc6 9. a3 a6 10. Ne5 Nxe5 11. Bxe5 b5 12. Qf3 Ra7 13. Bd3 Bb7 14. Qh3 h6 15.
Rad1 c4 16. Bb1 Nd5 17. Ne4 f5 18. Nc5 Bxc5 19. dxc5 Qg5 20. f4 Qg6 21. Rf3 Qg4
22. Qxg4 fxg4 23. Rg3 h5 24. h3 h4 25. Rxg4 Rf7 26. Kf2 a5 27. Rxh4 b4 28. Bg6
Rd7 29. e4 Nf6 30. Rxd7 Nxd7 31. Bd4 Bc6 32. Rg4 e5 33. fxe5 Nf8 34. Bf5 c3 35.
bxc3 bxa3 36. e6 a2 37. c4 Rb7 38. Ke3 Be8 39. Kd2 g6 40. Rg3 Kh7 41. Bg4 Re7
42. Ra3 Nxe6 43. Bxe6 Rxe6 44. Ke3 Bc6 45. e5 Bxg2 46. Rxa2 Bxh3 47. Rh2 Kg7 48.
Rxh3 a4 49. Rh2 Ra6 50. Ra2 Kf7 51. Ke4 Ke6 52. c6 Rxc6 53. Rxa4 g5 54. Rb4 Rc8
55. Rb6+ Ke7 56. e6 Rxc4 57. Kd5 Rc1 58. Bc5+ Kf6 59. e7+ Kf7 60. Rf6+ Kxf6 61.
e8=Q Rd1+ 62. Bd4+ 1-0

[Event "Titled Tue 1st Jul Early"]
[Site "chess.com INT"]
[Date "2025.07.01"]
[Round "4"]
[White "Purygin, Andrei"]
[Black "Reprintsev, Alexander"]
[Result "0-1"]
[WhiteTitle "FM"]
[BlackTitle "IM"]
[WhiteElo "2335"]
[BlackElo "2256"]
[WhiteFideId "24111180"]
[BlackFideId "14100541"]
[EventDate "2025.07.01"]

1. e4 e5 2. d4 exd4 3. Nf3 Bb4+ 4. c3 dxc3 5. bxc3 Be7 6. Bc4 d6 7. Qb3 Be6 8.
Bxe6 fxe6 9. Qxe6 Qd7 10. Qb3 Nc6 11. Be3 Nf6 12. Nbd2 Na5 13. Qb4 b6 14. O-O
O-O 15. Rad1 Rae8 16. Nb3 c5 17. Qa3 Nc4 18. Qc1 Nxe4 19. Rfe1 Bf6 20. Nbd2
Nexd2 21. Bxd2 Qf5 22. Bf4 Rxe1+ 23. Rxe1 h6 24. Rd1 d5 25. Bg3 Rd8 26. Nd2 Bg5
27. f4 Bxf4 28. Bxf4 Qxf4 29. Qc2 Ne3 30. Qc1 Nxd1 31. Qxd1 Rf8 32. Nf3 Qe3+ 33.
Kh1 Qxc3 34. Qxd5+ Kh8 35. h3 Qf6 36. Qb7 a5 37. Qc7 a4 38. Qa7 Qa1+ 39. Kh2
Qxa2 40. Qxb6 c4 41. Qc5 Rg8 42. Ne5 Qc2 43. Nf7+ Kh7 44. Qh5 Qg6 45. Qd5 Rf8
46. Ne5 Qf5 47. Qd6 a3 48. Nxc4 a2 49. Qa6 Qf4+ 50. Kh1 Qxc4 51. Qxc4 a1=Q+ 52.
Kh2 Qf6 53. Qd3+ Kh8 54. Qc4 Qf4+ 55. Qxf4 Rxf4 0-1

[Event "Titled Tue 1st Jul Early"]
[Site "chess.com INT"]
[Date "2025.07.01"]
[Round "4"]
[White "Park, Sunwoo"]
[Black "Brenke, Andreas"]
[Result "0-1"]
[WhiteTitle "WFM"]
[BlackTitle "FM"]
[WhiteElo "1858"]
[BlackElo "2349"]
[WhiteFideId "13203320"]
[BlackFideId "4602900"]
[EventDate "2025.07.01"]

1. e4 c6 2. d4 d5 3. e5 c5 4. dxc5 e6 5. a3 Bxc5 6. b4 Be7 7. Qg4 g6 8. Bb2 a5
9. c3 Nd7 10. Nf3 Qc7 11. c4 h5 12. Qd4 dxc4 13. b5 Nb6 14. Nc3 Nh6 15. Be2 Nf5
16. Qf4 Nd5 17. Qxc4 Qxc4 18. Bxc4 Nxc3 19. Bxc3 b6 20. Nd4 Bb7 21. Nxf5 gxf5
22. Bd4 Rc8 23. Be2 Bc5 24. Rd1 Bxg2 25. Rg1 Bd5 26. Rg7 Ke7 27. Rg5 h4 28. Rd3
Bc4 29. Rd2 Bxe2 30. Kxe2 h3 31. a4 Rh4 32. Be3 Rxa4 33. Rc2 Rb4 34. Rg3 a4 35.
Bg5+ Ke8 36. Bf6 Kd7 37. Rd2+ Kc7 38. Rg7 Rf8 39. Rh7 Re4+ 40. Kd1 a3 41. Rxh3
Ra4 42. Rhd3 a2 43. Rd7+ Kc8 44. Rd8+ Rxd8 45. Rxd8+ Kc7 46. Rd2 a1=Q+ 47. Ke2
Ra2 48. Bd8+ Kc8 49. Bf6 Rxd2+ 50. Kxd2 Bd4 51. Kd3 Bxe5 0-1

[Event "Titled Tue 1st Jul Early"]
[Site "chess.com INT"]
[Date "2025.07.01"]
[Round "4"]
[White "Matyassy, Lazar"]
[Black "Jalving, August"]
[Result "0-1"]
[WhiteTitle "FM"]
[BlackTitle "FM"]
[WhiteElo "2251"]
[BlackElo "2320"]
[WhiteFideId "17005167"]
[BlackFideId "1471759"]
[EventDate "2025.07.01"]

1. h3 d5 2. a3 c5 3. e3 Nc6 4. d4 Nf6 5. Nf3 e6 6. Bd3 Bd6 7. O-O b6 8. b3 Bb7
9. Bb2 O-O 10. Nbd2 Rc8 11. c4 dxc4 12. Nxc4 Bb8 13. dxc5 bxc5 14. Qc2 h6 15.
Rfd1 Qe7 16. Nfe5 Rfd8 17. Nxc6 Bxc6 18. Be5 Nd7 19. Bxb8 Rxb8 20. Bh7+ Kh8 21.
Be4 Bxe4 22. Qxe4 Nf6 23. Qc2 Qc7 24. g3 Kg8 25. Kh2 h5 26. h4 Ng4+ 27. Kg1
Rxd1+ 28. Rxd1 Qb7 29. Rd6 g6 30. Rd3 Qf3 31. Qd2 Kh7 32. e4 Qf6 33. f3 Ne5 34.
Qc3 Nd7 35. Qa5 Qa1+ 36. Kg2 Qa2+ 37. Rd2 Qxb3 38. Rxd7 Qxc4 39. Rxf7+ Kg8 40.
Qd2 Kxf7 41. Qd7+ Kf6 42. e5+ Kf5 43. Qf7+ Kxe5 44. Qc7+ Kd4 45. Qxb8 Qe2+ 46.
Kh3 Qf1+ 47. Kh2 Qf2+ 48. Kh3 Qf1+ 49. Kh2 Qxf3 50. Kh3 c4 51. Qxa7+ Kd3 52.
Qd7+ Qd5 53. Qa7 c3 54. Qa6+ Kd2 55. Qa5 Qxa5 0-1

[Event "Titled Tue 1st Jul Early"]
[Site "chess.com INT"]
[Date "2025.07.01"]
[Round "4"]
[White "Nguyen Hong Nhung"]
[Black "Zepeda Berlanga, Jan Enrique"]
[Result "1-0"]
[WhiteTitle "WFM"]
[BlackTitle "CM"]
[WhiteElo "2227"]
[BlackElo "2011"]
[WhiteFideId "12412201"]
[BlackFideId "5132355"]
[EventDate "2025.07.01"]

1. e4 e5 2. Nf3 Nc6 3. d4 exd4 4. Nxd4 Nf6 5. Nc3 Bb4 6. Nxc6 bxc6 7. Bd3 d5 8.
exd5 O-O 9. O-O cxd5 10. h3 c6 11. Qf3 Re8 12. Ne2 Bd6 13. Bf4 Rb8 14. b3 Be6
15. Rfd1 Rc8 16. c4 a5 17. Bc2 Bxf4 18. Nxf4 Qe7 19. cxd5 cxd5 20. Bd3 Qb4 21.
Nh5 Nxh5 22. Qxh5 g6 23. Qg5 a4 24. bxa4 Qxa4 25. Qf6 Rc6 26. Re1 Ra8 27. Qe5
Qa3 28. Bb5 Rc2 29. Qf6 Rxa2 30. Rxa2 Qxa2 31. Rxe6 Qa1+ 32. Kh2 fxe6 33. Qxe6+
Kh8 34. Qxd5 Rf8 35. Bc4 Qf6 36. f3 Qf4+ 37. Kh1 Qc1+ 38. Kh2 Qf4+ 39. Kh1 Qf6
40. Kh2 Rd8 41. Qe4 Qd6+ 42. Kh1 Qd1+ 43. Kh2 Qd4 44. Qe2 Qf4+ 45. Kh1 Rd2 46.
Qe8+ Kg7 47. Qe7+ Kh6 48. Be2 Rb2 49. Kg1 Rb1+ 50. Kf2 Qd4+ 51. Kg3 Rb4 52. Qf8+
Qg7 53. Qxb4 g5 54. Qd6+ Qg6 55. Qxg6+ 1-0

[Event "Titled Tue 1st Jul Early"]
[Site "chess.com INT"]
[Date "2025.07.01"]
[Round "4"]
[White "Arakelyan, Manvel"]
[Black "Kocharin, Timur"]
[Result "1-0"]
[WhiteTitle "FM"]
[BlackTitle "FM"]
[WhiteElo "2326"]
[BlackElo "2302"]
[WhiteFideId "13317415"]
[BlackFideId "16240936"]
[EventDate "2025.07.01"]

1. e4 c6 2. d4 d5 3. Nd2 dxe4 4. Nxe4 Bf5 5. Ng3 Bg6 6. h4 h6 7. Nf3 Nd7 8. h5
Bh7 9. Bd3 Bxd3 10. Qxd3 e6 11. Bd2 Ngf6 12. O-O-O Be7 13. Kb1 c5 14. d5 Nxd5
15. Nf5 O-O 16. Rh3 exf5 17. Qxd5 Nf6 18. Qxf5 Qd5 19. Qxd5 Nxd5 20. Bxh6 Rad8
21. Bd2 c4 22. Rhh1 Bf6 23. c3 b5 24. h6 gxh6 25. Bxh6 Rfe8 26. Rhe1 Rxe1 27.
Rxe1 a5 28. Bg5 Kg7 29. Bxf6+ Kxf6 30. Kc2 b4 31. Re4 Nb6 32. Nd2 bxc3 33. bxc3
Rc8 34. g4 Kg6 35. f4 Nd5 36. Nxc4 a4 37. Kd3 Rd8 38. Kc2 Rc8 39. Rd4 Ne7 40.
Ne5+ Kg7 41. Rxa4 Nd5 42. Ra7 Rxc3+ 43. Kd2 Kg8 44. Nxf7 Rg3 45. f5 Nf6 46. g5
Ne4+ 47. Kc2 Nxg5 48. Nxg5 Rxg5 49. Ra5 Kf7 50. a4 Rg3 51. Rb5 Kf6 52. Kb2 Rg2+
53. Kb3 Rg1 54. a5 Ra1 55. Kb4 Ra2 56. Kc5 Rd2 57. Kb6 Rd6+ 58. Kc7 Rd5 59. Rxd5
Kg5 60. Rb5 Kg4 61. a6 Kf3 62. a7 Ke3 63. a8=Q Ke2 64. Qd5 Ke1 65. f6 Kf2 66. f7
Kf1 67. f8=Q+ Kg1 68. Qg5+ Kh2 69. Rb2+ Kh3 70. Qf1# 1-0

[Event "Titled Tue 1st Jul Early"]
[Site "chess.com INT"]
[Date "2025.07.01"]
[Round "4"]
[White "Faryma, Matviy"]
[Black "Garde, Guillaume"]
[Result "0-1"]
[BlackTitle "CM"]
[WhiteElo "2230"]
[BlackElo "2196"]
[WhiteFideId "1961578"]
[BlackFideId "45138273"]
[EventDate "2025.07.01"]

1. c4 c5 2. Nc3 Nf6 3. g3 d5 4. cxd5 Nxd5 5. Bg2 Nxc3 6. bxc3 Nc6 7. Nf3 Bf5 8.
O-O e5 9. Qa4 Bd6 10. d3 O-O 11. Rb1 Qd7 12. Be3 Rab8 13. Kh1 h6 14. d4 cxd4 15.
cxd4 exd4 16. Nxd4 Bxb1 17. Rxb1 Qg4 18. h3 Qg6 19. Rd1 Nxd4 20. Qxd4 Be7 21.
Qxa7 Qa6 22. Rd7 Bf6 23. Rxb7 Qxa7 24. Rxa7 Rb2 25. Bf3 Rd8 26. Kg2 Bg5 27. Bxg5
hxg5 28. a4 Ra2 29. a5 Ra3 30. a6 Rd1 31. e3 Rda1 32. Be2 f6 33. Bc4+ Kh7 34.
Rb7 Rxa6 35. Bxa6 Rxa6 36. Kf3 Re6 37. e4 Kg6 38. Ke3 Ra6 39. Rb3 Ra2 40. f4
gxf4+ 41. gxf4 Rh2 42. Kd4 Rd2+ 43. Rd3 Rf2 44. Rg3+ Kf7 45. Ke3 Ra2 46. Kf3
Ra3+ 47. Kg4 Ra4 48. Re3 Rb4 49. h4 Ra4 50. h5 Rb4 51. Kf5 Rb5+ 52. e5 fxe5 53.
fxe5 Rb4 54. Ra3 Rb6 55. Ra7+ Kf8 56. e6 Rb2 0-1

[Event "Titled Tue 1st Jul Early"]
[Site "chess.com INT"]
[Date "2025.07.01"]
[Round "4"]
[White "Nicot, Valentin"]
[Black "Novikova, Anna"]
[Result "1-0"]
[WhiteTitle "CM"]
[BlackTitle "WIM"]
[WhiteElo "2157"]
[BlackElo "2179"]
[WhiteFideId "651002477"]
[BlackFideId "4146794"]
[EventDate "2025.07.01"]

1. d4 Nf6 2. Nf3 g6 3. g3 Bg7 4. Bg2 O-O 5. O-O d5 6. c4 c5 7. cxd5 cxd4 8. Nxd4
Nxd5 9. Nb5 a6 10. Qxd5 Qxd5 11. Bxd5 axb5 12. Nc3 b4 13. Ne4 Nc6 14. Be3 Bxb2
15. Rab1 Bg7 16. Bc5 Bf5 17. Rbd1 Rfd8 18. f3 e6 19. Bb3 Bxe4 20. fxe4 Bd4+ 21.
Bxd4 Nxd4 22. Bc4 Rac8 23. Rc1 b5 24. Bd3 Ra8 25. Rc7 Rf8 26. e3 Rxa2 27. exd4
Rd2 28. Bxb5 Rxd4 29. Rc4 Rxc4 30. Bxc4 Rb8 31. Bb3 Kf8 32. Kf2 Ke7 33. Ke2 Rc8
34. Rd1 f5 35. exf5 exf5 36. Rd4 Kf6 37. Rxb4 Re8+ 38. Kf3 Kg5 39. h4+ Kh5 40.
Rb7 h6 41. Kf2 Rd8 42. Bc4 g5 43. Be2+ g4 44. Rb5 Kg6 45. Ke3 h5 46. Rb6+ Kg7
47. Kf4 Rd5 48. Kg5 Rc5 49. Rb7+ Kg8 50. Kg6 Kf8 51. Kxh5 f4+ 52. Kxg4 fxg3 53.
Kxg3 Rc3+ 54. Bf3 Rd3 55. h5 1-0

[Event "Titled Tue 1st Jul Early"]
[Site "chess.com INT"]
[Date "2025.07.01"]
[Round "4"]
[White "Duarte Cramer, Lily Jeanette"]
[Black "Safin Safarullakhan"]
[Result "0-1"]
[WhiteTitle "WCM"]
[BlackTitle "CM"]
[WhiteElo "1828"]
[BlackElo "2028"]
[WhiteFideId "29620180"]
[BlackFideId "33379475"]
[EventDate "2025.07.01"]

1. d4 Nf6 2. c4 e6 3. Nc3 d5 4. cxd5 exd5 5. Bg5 c6 6. e3 Bf5 7. Rc1 Bd6 8. Bd3
Bxd3 9. Qxd3 h6 10. Bh4 Nbd7 11. Nge2 O-O 12. O-O Re8 13. Nf4 g5 14. Bg3 gxf4
15. Bxf4 Bxf4 16. exf4 Ne4 17. Nxe4 dxe4 18. Qg3+ Kh7 19. Rfe1 f5 20. Qh3 Qf6
21. d5 Rg8 22. dxc6 bxc6 23. Red1 Rg7 24. Rc2 Rag8 25. g3 Qe6 26. Rcd2 e3 27.
Rd6 e2 28. Re1 Qxd6 29. Qxf5+ Kh8 30. Qc2 Re8 31. Rxe2 Rxe2 32. Qxe2 Re7 33. Qc2
Re1+ 34. Kg2 Qd5+ 35. f3 Qe6 36. Qc3+ Nf6 37. g4 Qe2+ 38. Kh3 Qf1+ 39. Kh4 Qf2+
40. Kh3 Re6 41. g5 hxg5 42. fxg5 Qf1+ 43. Kh4 Kg7 44. gxf6+ Rxf6 45. Kg3 Qg1+
46. Kh3 Qg5 47. Qd4 Qf5+ 48. Kg3 Qxf3+ 49. Kh4 Qf4+ 50. Qxf4 Rxf4+ 51. Kg5 Rf2
52. h4 Rxb2 53. h5 Rxa2 54. h6+ Kh7 55. Kf5 Rh2 56. Ke6 a5 57. Kd6 a4 58. Kxc6
a3 59. Kb7 a2 60. Kb6 a1=Q 61. Kb7 Qc3 62. Ka7 Rb2 63. Ka6 Qa3# 0-1

[Event "Titled Tue 1st Jul Early"]
[Site "chess.com INT"]
[Date "2025.07.01"]
[Round "4"]
[White "Jake Shanty"]
[Black "Vasilenok, Anton"]
[Result "0-1"]
[WhiteTitle "FM"]
[BlackTitle "CM"]
[WhiteElo "2252"]
[BlackElo "2137"]
[WhiteFideId "33478066"]
[BlackFideId "34133124"]
[EventDate "2025.07.01"]

1. Nf3 g6 2. e4 Bg7 3. d4 d6 4. Nc3 Nf6 5. Bc4 O-O 6. Qe2 c6 7. O-O d5 8. Bd3
dxe4 9. Nxe4 Nxe4 10. Bxe4 Nd7 11. c3 c5 12. Rd1 Qc7 13. Be3 Nf6 14. Bc2 cxd4
15. Bxd4 a6 16. Be5 Qb6 17. Bb3 Bg4 18. h3 Bxf3 19. Qxf3 Qc6 20. Qxc6 bxc6 21.
Bc4 a5 22. a4 e6 23. Bd6 Rfd8 24. Bc7 Rdc8 25. Bh2 Nd5 26. Rac1 Ra7 27. Rd2 Bh6
28. Rcd1 Bxd2 29. Rxd2 Rb7 30. Ba6 Rbb8 31. Bxc8 Rxc8 32. Bd6 c5 33. Be5 f6 34.
Bg3 c4 35. Kf1 Kf7 36. Ke1 Rc5 37. Kd1 e5 38. Kc2 Ke6 39. Re2 g5 40. f3 Rc8 41.
Kc1 h5 42. Rd2 g4 43. fxg4 hxg4 44. hxg4 Rg8 45. Bf2 Rxg4 46. Bc5 e4 47. Kd1 f5
48. Ke1 e3 49. Re2 f4 50. Kf1 Ke5 51. Re1 Rh4 52. Ke2 Rg4 53. Kf1 Nf6 54. Bd4+
Kf5 55. Bxf6 Kxf6 56. Rd1 Ke5 57. Rd4 Rh4 58. Rxc4 Rh1+ 59. Ke2 Rg1 60. Kf3 Rf1+
61. Kg4 e2 62. Rc8 e1=Q 63. Re8+ Kf6 64. Rxe1 Rxe1 65. Kxf4 Re2 66. b4 axb4 67.
cxb4 Rb2 68. b5 Rb4+ 69. Ke3 Rxa4 70. Kd3 Rb4 0-1

[Event "Titled Tue 1st Jul Early"]
[Site "chess.com INT"]
[Date "2025.07.01"]
[Round "4"]
[White "Rustemov, Alexander"]
[Black "Belov, Alexei"]
[Result "0-1"]
[WhiteTitle "GM"]
[BlackTitle "IM"]
[WhiteElo "2525"]
[BlackElo "2421"]
[WhiteFideId "4119002"]
[BlackFideId "4128206"]
[EventDate "2025.07.01"]

1. d4 d5 2. c4 e6 3. Nf3 Nf6 4. Nc3 Be7 5. Bf4 O-O 6. e3 Nbd7 7. Rc1 a6 8. cxd5
exd5 9. h3 c6 10. Bd3 Re8 11. Qc2 Nf8 12. O-O Ng6 13. Bh2 Bd6 14. Bxd6 Qxd6 15.
Na4 Ne4 16. Nc5 Qe7 17. b4 Bf5 18. Rfe1 Rab8 19. a4 Qf6 20. Kh2 Qd6+ 21. Kh1 Qf6
22. Bxe4 Bxe4 23. Nxe4 dxe4 24. Nd2 Qxf2 25. Nc4 Qxc2 26. Rxc2 Red8 27. Rf1 Ne7
28. Rcf2 f5 29. g4 g6 30. Kg2 b5 31. axb5 Rxb5 32. Ne5 Rxb4 33. gxf5 Nxf5 34.
Re2 Rb3 35. Rfe1 c5 36. dxc5 Rd5 37. Ng4 Rxc5 38. Nf6+ Kg7 39. Nxe4 Re5 40. Kf3
Nd4+ 41. Kf4 Rf5+ 42. Kg3 Nxe2+ 43. Rxe2 a5 44. Nd6 Re5 45. Kf4 Rc5 46. e4 Rb4
47. Ke3 a4 48. Rf2 Rc3+ 49. Kf4 a3 50. Ke5 Ra4 51. Rf7+ Kh6 52. Rb7 a2 53. Nf7+
Kh5 54. Nd6 Kh4 55. Rxh7+ Kg3 56. Nf5+ gxf5 57. Rg7+ Kh2 58. exf5 a1=Q 59. Kf6
Rc7+ 0-1

[Event "Titled Tue 1st Jul Early"]
[Site "chess.com INT"]
[Date "2025.07.01"]
[Round "4"]
[White "Atkeson, Christopher Timothy"]
[Black "Raptis, Nick"]
[Result "1-0"]
[BlackTitle "FM"]
[WhiteElo "1979"]
[BlackElo "2220"]
[WhiteFideId "39956547"]
[BlackFideId "2016850"]
[EventDate "2025.07.01"]

1. e4 e6 2. d4 d5 3. Nd2 Nf6 4. e5 Nfd7 5. f4 c5 6. c3 Nc6 7. Ndf3 Qb6 8. a3 a5
9. b3 Be7 10. Be3 f6 11. Bd3 cxd4 12. Nxd4 Nc5 13. Qh5+ Kd8 14. Bc2 Bd7 15. Ngf3
Nxd4 16. Nxd4 Ne4 17. Bxe4 dxe4 18. O-O g6 19. Qe2 Qa6 20. c4 f5 21. Rfd1 Ke8
22. Rac1 Bxa3 23. Ra1 Bb4 24. Nc2 Be7 25. Bd2 b6 26. Be3 Bc6 27. Nd4 Bd7 28.
Rac1 Qb7 29. Rd2 Rd8 30. Rcd1 Kf7 31. Kh1 Bc6 32. Bf2 Rd7 33. Nxc6 Rxd2 34. Rxd2
Qxc6 35. Be3 Rd8 36. h3 Rxd2 37. Qxd2 Bc5 38. Bxc5 bxc5 39. Qxa5 e3 40. Qa7+ Kg8
41. Qb8+ Kg7 42. Qd8 e2 43. Qe7+ Kg8 44. Qd8+ Kf7 45. Qf6+ Ke8 46. Qh8+ Kd7 47.
Qg7+ Kc8 48. Qf8+ Kb7 49. Qe7+ Qc7 50. Qe8 e1=Q+ 51. Kh2 Qe3 52. Qb5+ Qb6 53.
Qd7+ Ka8 54. Qc8+ Ka7 55. Qd7+ Ka6 56. Qa4+ Kb7 57. Qd7+ Qc7 58. Qb5+ Ka8 59.
Qa4+ Kb8 60. Qb5+ Qb7 61. Qe8+ Kc7 62. Qe7+ Kc6 63. Qd6# 1-0